000 01211nam a2200337 4500
001 0000019805
003 CO-CtgCURN
005 20250429224005.0
007 ta
008 160627s1989 000 0 eng d
020 _a9682428416
040 _aCO-CtgCURN
_bspa
_ccoctgcurn
082 0 _a370.092
_bY14m
100 1 _aDimitrios, Yaglis.
245 1 0 _aMontessori :
_bla educación natural y el medio /
_cDimitrios Yaglis , traducción Guadalupe Cevallos.
260 _aMexico :
_bTTrillas,
_c1989.
300 _a118 p.
336 _2rdacontent
337 _2rdamedia
_asin mediacion
_bn
338 _2rdacarrier
_avolumen
_bnc
490 1 _aBiblioteca grandes educadores ;
_v4
500 _aIncluye indice.
504 _aBibliografia (p. 111-113)
505 8 _aMaría Montessori: su vida, su obra, sus relaciones con sus precursores.--Análisis de los principios educativos.--Aplicacion del metodo Montessoriano
650 1 4 _aEducación.
700 1 _aCevallos, Guadalupe,
_eTraductor.
908 _a160627
942 _cBK
_h370.092
_iY14m
_2ddc
999 _c34486
_d34486